000 00778nam a22002297a 4500
005 20100813104822.0
010 _aENG-100110
020 _a8126026197
_c40.00
020 _a9798126026196
_c40.00
035 _aEN-83642
037 _bDBAD/PUB
082 _a883
100 _aVijayan, O V
_912153
245 _aMakers of Indian literature /
_cby O V Vijayan [and] P P Raveendran
260 _aNew Delhi
_bSahitya Akademi
_c2009
270 _aRabindra Bhavan, 35, Ferozeshah Road
_bNew Delhi
_e110001
300 _a96p.
_c21cm (pbk)
500 _aIncluded bibliographical references
700 _aP P Raveendran
_912154
942 _2ddc
_cEN
_h883
_mVIJ
999 _c41491
_d41491